Volver a Marx: 200 años despues
Guardat en:
| Format: | Llibre |
|---|---|
| Idioma: | Spanish |
| Etiquetes: |
Afegir etiqueta
Sense etiquetes, Sigues el primer a etiquetar aquest registre!
|
MARC
| LEADER | 00000nam a22000007a 4500 | ||
|---|---|---|---|
| 003 | cru CIDCACS/IIS | ||
| 005 | 20181128103428.0 | ||
| 007 | ta | ||
| 008 | 181128s2018 ag |||p|r||||||0| ||spa|| | ||
| 999 | |c 41922 |d 41922 | ||
| 040 | |c cru CIDCACS/IIS | ||
| 245 | 1 | |a Volver a Marx: |b 200 años despues | |
| 246 | |a Tema Central | ||
| 300 | |a páginas 25-180 | ||
| 773 | 0 | |0 19022 |9 2441 |a Fundación Friedrich Ebert |d Fundación Friedrich Ebert; Nueva Sociedad |o 18999 |t Nueva Sociedad / | |
| 942 | |2 ddc |c PP | ||
